[Event "Carnaval"]
[Site "Quebec CAN"]
[Date "1989.02.04"]
[Round "2"]
[White "Lesiege, Alexandre"]
[Black "Morin, Louis"]
[Result "1-0"]
[WhiteElo "2347"]
[BlackElo "1940"]
[WhiteFideId "-1"]
[WhiteFideId "-1"]
[PlyCount "43"]
[GameId "2160767912519779"]
[EventDate "1989.02.03"]
[EventType "swiss"]
[EventRounds "5"]
[EventCountry "CAN"]
[SourceTitle "hb 2013"]

1. e4 e5 2. Nf3 d6 3. Bc4 Be6 4. Bxe6 fxe6 5. d4 exd4 6. Nxd4 Qd7 7. O-O e5 8. Ne2 Nf6 9. Nbc3 Be7 10. Ng3 g6 11. f4 exf4 12. Bxf4 Nc6 13. Nd5 O-O 14. Bg5 Nxd5 15. Qxd5+ Kg7 16. Bd2 Rxf1+ 17. Rxf1 Rf8 18. Bc3+ Kh6 19. Rf7 Rxf7 20. Qxf7 Qd8 21. Bg7+ Kg5 22. h4+ 1-0

[Event "Carnaval"]
[Site "Quebec CAN"]
[Date "1989.02.05"]
[Round "5"]
[White "Lesiege, Alexandre"]
[Black "Leveille, Francois"]
[Result "0-1"]
[WhiteElo "2200"]
[BlackElo "2300"]
[WhiteFideId "-1"]
[WhiteFideId "-1"]
[PlyCount "74"]
[GameId "2160767912519788"]
[EventDate "1989.02.03"]
[EventType "swiss"]
[EventRounds "5"]
[EventCountry "CAN"]
[SourceTitle "FQE 08"]

1. e4 c5 2. Nf3 d6 3. d4 cxd4 4. Nxd4 Nf6 5. Nc3 a6 6. f4 e5 7. Nf3 Nbd7 8. Bd3 Be7 9. O-O O-O 10. Kh1 b5 11. a4 b4 12. Ne2 Bb7 13. Ng3 d5 14. Nxe5 dxe4 15. Be2 Bc5 16. Nf5 Qc7 17. Nxd7 Nxd7 18. Bc4 Nf6 19. b3 Rad8 20. Qe2 Bc8 21. Ne3 Bd4 22. Rb1 Qc5 23. Bd2 h5 24. f5 Rd6 25. Rbd1 Rfd8 26. Bc1 Qe5 27. g3 Bb7 28. Rf4 Qc5 29. h3 Be5 30. Rff1 Bxg3 31. Rxd6 Rxd6 32. Rg1 h4 33. Bb2 Kf8 34. c3 Rd3 35. Nc2 e3+ 36. Rg2 Rd2 37. cxb4 Rxe2 0-1

[Event "Montreal op"]
[Site "Montreal CAN"]
[Date "1988.09.03"]
[Round "1"]
[White "Clement, Michel"]
[Black "Lesiege, Alexandre"]
[Result "0-1"]
[WhiteElo "1875"]
[BlackElo "2304"]
[WhiteFideId "-1"]
[WhiteFideId "-1"]
[PlyCount "72"]
[GameId "2160767912520391"]
[EventDate "1988.09.03"]
[EventType "swiss"]
[EventRounds "6"]
[EventCountry "CAN"]
[SourceTitle "hb 2009.06"]

1. f4 d5 2. e3 c5 3. Nf3 Nc6 4. Bb5 e6 5. O-O Bd6 6. b3 Nge7 7. Bb2 O-O 8. Bd3 f6 9. c4 d4 10. Na3 e5 11. fxe5 Nxe5 12. Nxe5 Bxe5 13. Rb1 dxe3 14. dxe3 Bxb2 15. Rxb2 Nc6 16. Qb1 h6 17. Bh7+ Kh8 18. Bf5 Qe7 19. e4 Nd4 20. Rbf2 Bxf5 21. exf5 Rfe8 22. Nc2 Ne2+ 23. Kh1 Rad8 24. Ne1 Nc3 25. Qc1 Nd1 26. Rd2 Ne3 27. Re2 Nxf1 28. Rxe7 Rxe7 29. Kg1 Ne3 30. Kf2 Rd1 31. Qa3 Rxe1 32. Qxa7 Nxf5 33. Qxc5 R7e2+ 34. Kf3 Re3+ 35. Kg4 Re4+ 36. Kf3 R1e3+ 0-1

[Event "Montreal op"]
[Site "Montreal CAN"]
[Date "1988.09.05"]
[Round "6"]
[White "Lesiege, Alexandre"]
[Black "Bolduc, Steve"]
[Result "0-1"]
[WhiteElo "2307"]
[BlackElo "2121"]
[WhiteFideId "-1"]
[WhiteFideId "-1"]
[PlyCount "130"]
[GameId "2160767912520413"]
[EventDate "1988.09.03"]
[EventType "swiss"]
[EventRounds "6"]
[EventCountry "CAN"]
[SourceTitle "hb 2011"]

1. e4 Nf6 2. e5 Nd5 3. d4 d6 4. Bc4 c6 5. Nf3 Bg4 6. O-O e6 7. Nbd2 dxe5 8. dxe5 Nd7 9. Qe2 Qc7 10. Re1 Be7 11. c3 Bh5 12. Bb3 a5 13. Bc2 a4 14. c4 Nb4 15. Bb1 Ra5 16. Qe3 g5 17. h3 Bg6 18. a3 Nc2 19. Bxc2 Bxc2 20. Qc3 Bg6 21. b4 axb3 22. Nxb3 Ra4 23. Bxg5 Nb6 24. Bxe7 Rxc4 25. Qe3 Kxe7 26. Nbd2 Ra4 27. Nh4 Nd5 28. Nxg6+ hxg6 29. Qc5+ Kd7 30. Ne4 b6 31. Qc2 Rha8 32. Nd6 f5 33. Qd2 Qd8 34. Qd3 Qh4 35. Red1 Qf4 36. Qb3 R8a6 37. Re1 g5 38. g3 Qd2 39. Qf3 g4 40. hxg4 Rxa3 41. Rxa3 Qxe1+ 42. Kg2 Rxa3 43. Qxa3 Qxe5 44. Nf7 Qc7 45. gxf5 exf5 46. Qf8 c5 47. Qa8 Ne7 48. Kh2 c4 49. f4 c3 50. Ne5+ Ke6 51. Qa2+ Nd5 52. Qe2 Kd6 53. Qd3 Ke6 54. Qe2 Nf6 55. Qa2+ Kd6 56. Kg2 Qb7+ 57. Kf2 Qd5 58. Qxd5+ Kxd5 59. Ke2 Kd4 60. Kd1 Nd5 61. Kc2 Nb4+ 62. Kd1 c2+ 63. Kd2 c1=Q+ 64. Kxc1 Nd3+ 65. Nxd3 Kxd3 0-1

[Event "Pre-COQ"]
[Site "Montreal CAN"]
[Date "1988.07.09"]
[Round "1"]
[White "Lesiege, Alexandre"]
[Black "Morin, Louis"]
[Result "1/2-1/2"]
[WhiteElo "2206"]
[BlackElo "1865"]
[WhiteFideId "-1"]
[WhiteFideId "-1"]
[PlyCount "106"]
[GameId "2160767912520605"]
[EventDate "1988.07.09"]
[EventType "swiss"]
[EventRounds "4"]
[EventCountry "CAN"]
[SourceTitle "hb 2013"]

1. e4 e5 2. Nf3 d6 3. d4 Nf6 4. Nc3 Nbd7 5. Bc4 Be7 6. O-O O-O 7. a4 c6 8. a5 Rb8 9. dxe5 dxe5 10. Qe2 Qc7 11. Rd1 b5 12. axb6 axb6 13. h3 b5 14. Ba2 Nc5 15. Bg5 Be6 16. Bxe6 Nxe6 17. Be3 Bc5 18. Bxc5 Nxc5 19. Qe3 Nfd7 20. b4 Ne6 21. Ra7 Rb7 22. Rxb7 Qxb7 23. Qd3 Nb6 24. Nxe5 f6 25. Qd6 fxe5 26. Qxe6+ Qf7 27. Qxf7+ Kxf7 28. Rd6 Rc8 29. Nxb5 Ke7 30. f4 Nc4 31. fxe5 Nxe5 32. Rd1 cxb5 33. Rd5 Nd7 34. Rxb5 Rxc2 35. Rg5 g6 36. h4 Rc4 37. b5 Rxe4 38. h5 Re5 39. Rxe5+ Nxe5 40. hxg6 hxg6 41. Kf2 Kd6 42. Ke3 Kc5 43. Ke4 Nf7 44. b6 Kxb6 45. Kd5 Kb5 46. Ke6 Nh8 47. Kf6 Kc5 48. Kg7 Kd4 49. Kxh8 g5 50. Kg7 g4 51. Kg6 Ke3 52. Kg5 Kf2 53. Kxg4 Kxg2 1/2-1/2

[Event "Quebec-ch"]
[Site "Montreal CAN"]
[Date "1988.06.09"]
[Round "1"]
[White "Leveille, Francois"]
[Black "Lesiege, Alexandre"]
[Result "1-0"]
[WhiteElo "2230"]
[BlackElo "2183"]
[WhiteFideId "-1"]
[WhiteFideId "-1"]
[PlyCount "67"]
[GameId "2160767912586192"]
[EventDate "1988.06.09"]
[EventType "tourn"]
[EventRounds "11"]
[EventCountry "CAN"]
[EventCategory "1"]
[SourceTitle "EXT 88b"]

1. e4 e5 2. Nf3 Nc6 3. Bb5 a6 4. Ba4 Nf6 5. O-O Be7 6. Bxc6 dxc6 7. d3 Bg4 8. h3 Bxf3 9. Qxf3 O-O 10. Nd2 Nd7 11. Nc4 Bg5 12. Qg3 Bxc1 13. Raxc1 Qe7 14. Ne3 g6 15. f4 exf4 16. Rxf4 Kh8 17. Rcf1 Rae8 18. Ng4 Qc5+ 19. Kh1 Qd6 20. Qh4 Qe6 21. Qf2 Kg7 22. Nf6 Nxf6 23. Rxf6 Qd7 24. Qa7 Qc8 25. Qd4 Kg8 26. e5 Re6 27. Qf4 Qd7 28. d4 Qe7 29. Qh6 c5 30. R1f4 Qd7 31. Rh4 Rfe8 32. Qxh7+ Kf8 33. Qh8+ Ke7 34. Rxf7+ 1-0

[Event "Quebec-ch"]
[Site "Montreal CAN"]
[Date "1988.06.10"]
[Round "2"]
[White "Lesiege, Alexandre"]
[Black "Ibrahim, Anthony"]
[Result "1-0"]
[WhiteElo "2183"]
[BlackElo "2260"]
[WhiteFideId "-1"]
[WhiteFideId "-1"]
[PlyCount "71"]
[GameId "2160767912586200"]
[EventDate "1988.06.09"]
[EventType "tourn"]
[EventRounds "11"]
[EventCountry "CAN"]
[EventCategory "1"]
[SourceTitle "EXT 88b"]

1. e4 g6 2. d4 Bg7 3. Nc3 d6 4. Nf3 c6 5. h3 Nh6 6. g4 f6 7. Be3 Nf7 8. Qd2 O-O 9. Bc4 e6 10. Bb3 d5 11. h4 b5 12. a3 a5 13. g5 Na6 14. gxf6 Qxf6 15. Qe2 e5 16. Nxe5 Nxe5 17. dxe5 Qxe5 18. exd5 b4 19. dxc6+ Kh8 20. Na4 bxa3 21. Rxa3 Qe4 22. Rg1 Qxh4 23. Nb6 Bxb2 24. Nxa8 Qb4+ 25. c3 Bxc3+ 26. Bd2 Rd8 27. Qe5+ Bxe5 28. Bxb4 axb4 29. Ra5 Bc3+ 30. Ke2 Bf5 31. Nb6 Bd3+ 32. Kf3 Bd4 33. Nd7 Re8 34. Kg3 Re2 35. Rd1 Bxf2+ 36. Kf3 1-0

[Event "Quebec-ch"]
[Site "Montreal CAN"]
[Date "1988.06.11"]
[Round "3"]
[White "Morin, Yves"]
[Black "Lesiege, Alexandre"]
[Result "0-1"]
[WhiteElo "2210"]
[BlackElo "2183"]
[WhiteFideId "-1"]
[WhiteFideId "-1"]
[PlyCount "74"]
[GameId "2160767912586205"]
[EventDate "1988.06.09"]
[EventType "tourn"]
[EventRounds "11"]
[EventCountry "CAN"]
[EventCategory "1"]
[SourceTitle "EXT 88b"]

1. c4 Nf6 2. Nc3 g6 3. g3 Bg7 4. Bg2 O-O 5. e3 e5 6. Nge2 d6 7. O-O Re8 8. d4 Nc6 9. d5 Nb8 10. f3 c5 11. Qd2 Rf8 12. Kh1 a6 13. b3 Nbd7 14. Bb2 Rb8 15. a4 Ne8 16. a5 f5 17. f4 e4 18. Nd1 b5 19. Bxg7 Kxg7 20. Qc3+ Qf6 21. Ra3 Qxc3 22. Nexc3 Ndf6 23. Nf2 Nc7 24. Rfa1 Bd7 25. Bf1 h6 26. Be2 g5 27. Bd1 g4 28. Bc2 h5 29. Kg2 Rh8 30. Rh1 h4 31. Raa1 Rh7 32. Kf1 Nh5 33. Nb1 Bc8 34. Nd3 b4 35. Ne1 Nxf4 36. Nd3 Nxd3 37. Kg1 Nf4 0-1

[Event "Quebec-ch"]
[Site "Montreal CAN"]
[Date "1988.06.12"]
[Round "4"]
[White "Lesiege, Alexandre"]
[Black "Roy, Alain"]
[Result "1-0"]
[WhiteElo "2183"]
[BlackElo "2129"]
[WhiteFideId "-1"]
[WhiteFideId "-1"]
[PlyCount "63"]
[GameId "2160767912586211"]
[EventDate "1988.06.09"]
[EventType "tourn"]
[EventRounds "11"]
[EventCountry "CAN"]
[EventCategory "1"]
[SourceTitle "EXT 88b"]

1. e4 c5 2. Nf3 Nc6 3. d4 cxd4 4. Nxd4 Nf6 5. Nc3 e5 6. Ndb5 d6 7. Bg5 a6 8. Na3 Be6 9. Nc4 Rc8 10. Bxf6 gxf6 11. Ne3 Bh6 12. Ncd5 Bxe3 13. Nxe3 Ne7 14. Bd3 d5 15. exd5 Nxd5 16. O-O h5 17. Qf3 Nf4 18. Be4 Rg8 19. Bxb7 Bh3 20. Bxc8 Qxc8 21. Kh1 Rxg2 22. Rg1 Bg4 23. Nxg4 hxg4 24. Rxg2 gxf3 25. Rg8+ Kd7 26. Rd1+ Kc7 27. Rxc8+ Kxc8 28. Rd6 e4 29. Kg1 Nh3+ 30. Kf1 f5 31. Rf6 f4 32. Rxf7 1-0

[Event "Quebec-ch"]
[Site "Montreal CAN"]
[Date "1988.06.13"]
[Round "5"]
[White "Dupuis, Stephane"]
[Black "Lesiege, Alexandre"]
[Result "0-1"]
[WhiteElo "2230"]
[BlackElo "2183"]
[WhiteFideId "-1"]
[WhiteFideId "-1"]
[PlyCount "52"]
[GameId "2160767912586215"]
[EventDate "1988.06.09"]
[EventType "tourn"]
[EventRounds "11"]
[EventCountry "CAN"]
[EventCategory "1"]
[SourceTitle "EXT 88b"]

1. e4 e5 2. Nf3 Nc6 3. Nc3 Nf6 4. Bb5 Bc5 5. Nxe5 Nxe5 6. d4 Bd6 7. f4 Ng6 8. e5 Bb4 9. exf6 Qxf6 10. O-O Bxc3 11. bxc3 O-O 12. f5 Ne7 13. Qg4 h6 14. Bd3 d5 15. Bd2 Bd7 16. Rf3 Rfe8 17. Raf1 Kh8 18. Rh3 Ng8 19. Qg3 Rac8 20. Bg5 Qd6 21. Bf4 Qf8 22. Qf3 c6 23. g4 f6 24. Kh1 Qf7 25. Rg1 c5 26. dxc5 d4 0-1

[Event "Quebec-ch"]
[Site "Montreal CAN"]
[Date "1988.06.15"]
[Round "6"]
[White "Lesiege, Alexandre"]
[Black "Auger, Bertrand"]
[Result "0-1"]
[WhiteElo "2183"]
[BlackElo "1969"]
[WhiteFideId "-1"]
[WhiteFideId "-1"]
[PlyCount "56"]
[GameId "2160767912586223"]
[EventDate "1988.06.09"]
[EventType "tourn"]
[EventRounds "11"]
[EventCountry "CAN"]
[EventCategory "1"]
[SourceTitle "EXT 88b"]

1. e4 e5 2. Nf3 d6 3. d4 exd4 4. Nxd4 g6 5. c4 Bg7 6. Nc3 Nc6 7. Be3 Nge7 8. h4 h6 9. Qd2 Ne5 10. f3 N7c6 11. O-O-O Nxd4 12. Bxd4 Kf8 13. c5 Be6 14. Kb1 Qe7 15. cxd6 cxd6 16. f4 Nc6 17. Bxg7+ Kxg7 18. Qxd6 Rhd8 19. Qxe7 Rxd1+ 20. Nxd1 Nxe7 21. Nc3 Rd8 22. Be2 f5 23. exf5 Nxf5 24. Bf3 b6 25. g4 Nd4 26. Rd1 Rd7 27. Bd5 Bxd5 28. Rxd4 Bxa2+ 0-1

[Event "Quebec-ch"]
[Site "Montreal CAN"]
[Date "1988.06.16"]
[Round "7"]
[White "Barbeau, Sylvain"]
[Black "Lesiege, Alexandre"]
[Result "1-0"]
[WhiteElo "2355"]
[BlackElo "2183"]
[WhiteFideId "-1"]
[WhiteFideId "-1"]
[PlyCount "101"]
[GameId "2160767912586226"]
[EventDate "1988.06.09"]
[EventType "tourn"]
[EventRounds "11"]
[EventCountry "CAN"]
[EventCategory "1"]
[SourceTitle "EXT 88b"]

1. e4 e5 2. Nf3 Nc6 3. Nc3 Nf6 4. Bb5 Nd4 5. Ba4 Nxf3+ 6. Qxf3 Be7 7. Qg3 O-O 8. Qxe5 Re8 9. d3 Bb4 10. Qg5 h6 11. Qh4 b5 12. Bb3 d5 13. O-O Bxc3 14. bxc3 dxe4 15. Qg3 Bf5 16. Bxh6 Nh5 17. Qg5 Qxg5 18. Bxg5 exd3 19. cxd3 Bxd3 20. Rfd1 Bg6 21. Rd7 Nf6 22. Rxc7 Rec8 23. Rxc8+ Rxc8 24. Bxf6 gxf6 25. Rc1 a5 26. a3 a4 27. Bd1 Bd3 28. f4 Kf8 29. Kf2 Ke7 30. Bf3 Bc4 31. h4 f5 32. Ke3 Kf6 33. Rd1 Bb3 34. Rd6+ Kg7 35. Rc6 Re8+ 36. Kd4 Bc4 37. h5 Rd8+ 38. Ke5 Rd3 39. h6+ Kh7 40. Kxf5 Rxc3 41. Kg5 Re3 42. Rb6 Re6 43. Rxe6 Bxe6 44. Be4+ Kh8 45. Kf6 Kg8 46. f5 Bc4 47. g4 Kh8 48. g5 Kh7 49. Ke5 Bb3 50. f6+ Kh8 51. Kd4 1-0

[Event "Quebec-ch"]
[Site "Montreal CAN"]
[Date "1988.06.18"]
[Round "8"]
[White "Lesiege, Alexandre"]
[Black "Hebert, Jean"]
[Result "0-1"]
[WhiteElo "2183"]
[BlackElo "2400"]
[WhiteFideId "-1"]
[WhiteFideId "-1"]
[PlyCount "72"]
[GameId "2160767912586234"]
[EventDate "1988.06.09"]
[EventType "tourn"]
[EventRounds "11"]
[EventCountry "CAN"]
[EventCategory "1"]
[SourceTitle "EXT 88b"]

1. e4 c5 2. Nf3 e6 3. d4 cxd4 4. Nxd4 Nc6 5. Nc3 a6 6. Be2 Qc7 7. O-O Nf6 8. Be3 Bb4 9. Na4 O-O 10. Nxc6 bxc6 11. c4 Bd6 12. g3 Nxe4 13. c5 Be7 14. Qd4 Nf6 15. Nb6 Ra7 16. Bf4 Qd8 17. Bb8 Rb7 18. Be5 Bxc5 19. Bxf6 Bxd4 20. Bxd8 Bxb6 21. Be7 Re8 22. Bxa6 Ra7 23. Bxc8 Rxe7 24. Rfd1 d5 25. Rd3 Rec7 26. Rb3 Bxf2+ 27. Kxf2 Rxc8 28. a4 Kf8 29. Rb6 Ke7 30. a5 c5 31. a6 Kd7 32. Ra5 Rc6 33. Rb7+ Rxb7 34. axb7 Rb6 35. Ra7 Kc6 36. Ra6 Kxb7 0-1

[Event "Quebec-ch"]
[Site "Montreal CAN"]
[Date "1988.06.19"]
[Round "9"]
[White "Ivanov, Igor V"]
[Black "Lesiege, Alexandre"]
[Result "1/2-1/2"]
[WhiteElo "2505"]
[BlackElo "2183"]
[WhiteFideId "-1"]
[WhiteFideId "-1"]
[PlyCount "134"]
[GameId "2160767912586241"]
[EventDate "1988.06.09"]
[EventType "tourn"]
[EventRounds "11"]
[EventCountry "CAN"]
[EventCategory "1"]
[SourceTitle "EXT 88b"]

1. Nf3 Nf6 2. c4 g6 3. Nc3 Bg7 4. e4 d6 5. d4 O-O 6. Be2 Nbd7 7. O-O e5 8. d5 Nc5 9. Qc2 a5 10. Bg5 h6 11. Be3 b6 12. Nd2 h5 13. f3 h4 14. Bg5 h3 15. g3 Qe8 16. Nb5 Na6 17. a3 Nh7 18. Be3 f5 19. Rab1 Qe7 20. b4 axb4 21. axb4 f4 22. Bf2 fxg3 23. hxg3 Bh6 24. Kh2 Qg5 25. Be1 Nf6 26. Rb3 Nh5 27. Rg1 Bd7 28. Nf1 Qe7 29. Ra3 Kh7 30. Qa2 Bc8 31. Qa1 Bb7 32. Rh1 Qd7 33. Kg1 c6 34. dxc6 Qxc6 35. Rxh3 Nc7 36. Nxc7 Qxc7 37. Bf2 Rxa3 38. Qxa3 Bc8 39. Rh2 Be6 40. Qa6 Rb8 41. Ne3 Kg7 42. Ng4 Bg5 43. Kg2 Bxg4 44. fxg4 Nf6 45. Bf3 Rc8 46. Bxb6 Qxc4 47. Qb7+ Kg8 48. Bc5 Qe6 49. Bf2 Rc2 50. Bd1 Rd2 51. Qa8+ Kg7 52. Qa7+ Qf7 53. Qxf7+ Kxf7 54. Bf3 d5 55. Kf1 dxe4 56. Be2 Kg7 57. Be1 Rc2 58. Rf2 Rc1 59. Ba6 Nxg4 60. Rb2 Ne3+ 61. Ke2 Nc2 62. Bd2 Nd4+ 63. Kf2 Bxd2 64. Rxd2 Rb1 65. Bb7 Rxb4 66. Bxe4 Kf6 67. Ra2 Rb6 1/2-1/2

[Event "Quebec-ch"]
[Site "Montreal CAN"]
[Date "1988.06.20"]
[Round "10"]
[White "Bolduc, Steve"]
[Black "Lesiege, Alexandre"]
[Result "1/2-1/2"]
[WhiteElo "2230"]
[BlackElo "2183"]
[WhiteFideId "-1"]
[WhiteFideId "-1"]
[PlyCount "118"]
[GameId "2160767912586243"]
[EventDate "1988.06.09"]
[EventType "tourn"]
[EventRounds "11"]
[EventCountry "CAN"]
[EventCategory "1"]
[SourceTitle "EXT 88b"]

1. e4 e5 2. d4 exd4 3. Qxd4 Nc6 4. Qa4 Bc5 5. Nf3 Nf6 6. Bg5 O-O 7. Bd3 h6 8. Bh4 d6 9. c3 Ne5 10. Nxe5 dxe5 11. Qc2 Qe7 12. Nd2 a6 13. a4 Bd7 14. O-O g5 15. Bg3 Nh5 16. Rfe1 Nf4 17. Nf1 Rad8 18. Bc4 Kh8 19. Ne3 Bc6 20. Nf5 Qf6 21. b4 Bb6 22. b5 axb5 23. axb5 Bd7 24. Ne3 Bxe3 25. Rxe3 Kg7 26. Rd1 Qb6 27. Bxf4 gxf4 28. Red3 Qc5 29. Qb3 Qe7 30. Qb4 Kf6 31. b6 c6 32. Rd6+ Be6 33. Bxe6 fxe6 34. f3 Ra8 35. c4 Ra2 36. Qe1 Kg6 37. g3 Ra1 38. c5 Rxd1 39. Qxd1 Ra8 40. Qd2 Qf6 41. Kg2 h5 42. Rd7 fxg3 43. hxg3 h4 44. f4 exf4 45. gxf4 Kh5 46. f5 Rg8+ 47. Kf2 exf5 48. Rh7+ Kg4 49. Qe2+ Kh3 50. Qf3+ Kh2 51. Qf4+ Kh3 52. Qf3+ Kh2 53. Qf4+ Kh3 54. e5 Qd8 55. Qxf5+ Kh2 56. Qf4+ Kh3 57. Qf5+ Kh2 58. Qf4+ Kh3 59. Qf5+ Kh2 1/2-1/2

[Event "Quebec-ch"]
[Site "Montreal CAN"]
[Date "1988.06.22"]
[Round "11"]
[White "Lesiege, Alexandre"]
[Black "Duong, Thanh Nha"]
[Result "1-0"]
[WhiteElo "2183"]
[BlackElo "2136"]
[WhiteFideId "-1"]
[WhiteFideId "-1"]
[PlyCount "115"]
[GameId "2160767912586254"]
[EventDate "1988.06.09"]
[EventType "tourn"]
[EventRounds "11"]
[EventCountry "CAN"]
[EventCategory "1"]
[SourceTitle "EXT 88b"]

1. e4 c5 2. Nf3 e6 3. d4 cxd4 4. Nxd4 Nc6 5. Nb5 d6 6. c4 Nf6 7. N1c3 a6 8. Na3 Be7 9. Be2 b6 10. O-O Bb7 11. Be3 O-O 12. Qb3 Nd7 13. Rfd1 Qc7 14. Rac1 Nc5 15. Qc2 Rfd8 16. Qb1 Nb4 17. Nc2 Nxc2 18. Qxc2 Rac8 19. b4 Nd7 20. Qb3 Bf6 21. f3 Bxc3 22. Rxc3 d5 23. exd5 Bxd5 24. Rdc1 Bb7 25. c5 Bd5 26. cxb6 Qb7 27. Rxc8 Rxc8 28. Rxc8+ Qxc8 29. Qd3 Bb7 30. a4 h6 31. a5 Ne5 32. Qd6 Qc3 33. Qd8+ Kh7 34. Qd2 Qa1+ 35. Kf2 Qh1 36. h3 Ng6 37. Qd7 Bd5 38. Qxf7 Ne5 39. Qf4 Nd7 40. Bd3+ Kg8 41. Bg6 e5 42. Qf5 Nf8 43. Qxe5 Bxf3 44. gxf3 Nxg6 45. Qe6+ Kh7 46. b7 Qh2+ 47. Kf1 Qh1+ 48. Ke2 Qg2+ 49. Kd3 Qf1+ 50. Kd4 Qd1+ 51. Kc5 Qd8 52. Qd6 Qe8 53. b8=Q Qxe3+ 54. Qd4 Qe7+ 55. Qbd6 Qb7 56. Kc4 Qxf3 57. Qd3 Qf7+ 58. Kc3 1-0

[Event "Quebec-ch qual. 3"]
[Site "Montreal CAN"]
[Date "1988.04.16"]
[Round "2"]
[White "Lesiege, Alexandre"]
[Black "Morin, Louis"]
[Result "1-0"]
[WhiteElo "2113"]
[BlackElo "1880"]
[WhiteFideId "-1"]
[WhiteFideId "-1"]
[PlyCount "47"]
[GameId "2160767912586395"]
[EventDate "1988.04.16"]
[EventType "swiss"]
[EventRounds "4"]
[EventCountry "CAN"]
[SourceTitle "hb 2013"]

1. e4 e5 2. Nf3 d6 3. d4 Nf6 4. Nc3 Nbd7 5. Bc4 Be7 6. O-O O-O 7. h3 c6 8. a4 a5 9. Re1 Qe8 10. Be3 Bd8 11. Ba2 Qe7 12. Qd2 Bc7 13. Rad1 Nb6 14. Bg5 Be6 15. d5 Bd7 16. Nh4 h6 17. dxc6 Bxc6 18. Nf5 Qd8 19. Bxh6 Ne8 20. Re3 Bd7 21. Nxg7 Kh7 22. Nxe8 Qxe8 23. Bxf8 Qxf8 24. Rf3 1-0

[Event "CAN-ch U16"]
[Site "Ottawa CAN"]
[Date "1988.03.??"]
[Round "?"]
[White "Lesiege, Alexandre"]
[Black "Kerr, Chris"]
[Result "1-0"]
[WhiteElo "2064"]
[BlackElo "1677"]
[WhiteFideId "-1"]
[WhiteFideId "-1"]
[PlyCount "61"]
[GameId "2160767912586452"]
[EventDate "1988.03.15"]
[EventType "tourn"]
[EventRounds "9"]
[EventCountry "CAN"]
[SourceTitle "CFC 1988.06"]

1. e4 c5 2. Nf3 Nc6 3. d4 cxd4 4. Nxd4 g6 5. c4 Bg7 6. Be3 Nf6 7. Nc3 Qa5 8. Qc2 d6 9. Nb3 Qc7 10. Be2 a6 11. Nd5 Qb8 12. Nb6 Nxe4 13. Nxc8 Nxf2 14. Nxd6+ Qxd6 15. Bxf2 Rd8 16. O-O O-O 17. Bg3 Qe6 18. Rae1 Nb4 19. Qb1 Rc8 20. Kh1 f5 21. a3 Nc6 22. Nc5 Qe3 23. Bf2 Qh6 24. b4 Be5 25. Bg1 g5 26. Rxf5 e6 27. Rxf8+ Rxf8 28. Rf1 Rd8 29. Bg4 Nd4 30. Qe4 Qg7 31. Bxe6+ 1-0

[Event "CAN-ch U16"]
[Site "Ottawa CAN"]
[Date "1988.03.??"]
[Round "?"]
[White "Nataf, Philippe"]
[Black "Lesiege, Alexandre"]
[Result "0-1"]
[WhiteElo "1664"]
[BlackElo "2064"]
[WhiteFideId "-1"]
[WhiteFideId "-1"]
[PlyCount "56"]
[GameId "2160767912586454"]
[EventDate "1988.03.15"]
[EventType "tourn"]
[EventRounds "9"]
[EventCountry "CAN"]
[SourceTitle "CFC 1988.06"]

1. e4 c5 2. Nf3 d6 3. d4 cxd4 4. Nxd4 Nf6 5. Nc3 g6 6. Bc4 Bg7 7. Be3 O-O 8. h3 a6 9. a4 Qc7 10. Bb3 Nbd7 11. g4 Nc5 12. g5 Nfxe4 13. Nd5 Qd8 14. Qf3 e6 15. Nc3 d5 16. h4 Nxc3 17. bxc3 Qa5 18. Bd2 Ne4 19. Ne2 Nxd2 20. Kxd2 d4 21. Rag1 dxc3+ 22. Kc1 Qb4 23. Kb1 Bd7 24. Rg4 Qa3 25. Nxc3 Bc6 26. Qe3 Bxh1 27. h5 Rfc8 28. Nd1 Qa1# 0-1

[Event "CAN-ch U16"]
[Site "Ottawa CAN"]
[Date "1988.03.??"]
[Round "?"]
[White "Olszewski, Piotr"]
[Black "Lesiege, Alexandre"]
[Result "0-1"]
[WhiteElo "1911"]
[BlackElo "2064"]
[WhiteFideId "-1"]
[WhiteFideId "-1"]
[PlyCount "32"]
[GameId "2160767912586455"]
[EventDate "1988.03.15"]
[EventType "tourn"]
[EventRounds "9"]
[EventCountry "CAN"]
[SourceTitle "CFC 1988.06"]

1. d4 Nf6 2. c4 g6 3. Nc3 Bg7 4. e4 d6 5. Nf3 O-O 6. Be2 Nbd7 7. O-O e5 8. d5 Nc5 9. Qc2 a5 10. h3 Nh5 11. Ne1 Nf4 12. Nd3 Ncxd3 13. Bxd3 Qg5 14. Bxf4 exf4 15. f3 Bxh3 16. Qf2 Bd4 0-1

[Event "Quebec-ch qual. 1"]
[Site "Montreal CAN"]
[Date "1988.03.12"]
[Round "2"]
[White "Lesiege, Alexandre"]
[Black "Charest, Johanne"]
[Result "1-0"]
[WhiteElo "2094"]
[BlackElo "1324"]
[WhiteFideId "-1"]
[WhiteFideId "-1"]
[PlyCount "65"]
[GameId "2160767912586465"]
[EventDate "1988.03.11"]
[EventType "swiss"]
[EventRounds "5"]
[EventCountry "CAN"]

1. e4 e5 2. Nf3 Nc6 3. Bc4 Be7 4. c3 d6 5. d3 Nf6 6. O-O h6 7. Nbd2 O-O 8. Bb3 Re8 9. Re1 Bf8 10. Nf1 Ne7 11. Ng3 Ng6 12. d4 b6 13. Bc2 Ba6 14. d5 Ng4 15. Nf5 Bb5 16. c4 Bd7 17. Ba4 a5 18. Bxd7 Qxd7 19. Nd2 Nf6 20. Qf3 Kh7 21. Nf1 Ne7 22. Nxh6 gxh6 23. Qxf6 Ng6 24. Ng3 Bg7 25. Qf3 Nh4 26. Qh5 Ng6 27. Nf5 Nf4 28. Qf3 Ng6 29. g3 Rh8 30. Qh5 Kg8 31. h4 Rc8 32. Qg4 h5 33. Nh6+ 1-0

[Event "Quebec-ch U20"]
[Site "Montreal CAN"]
[Date "1988.03.03"]
[Round "1"]
[White "Doucet, Maurice"]
[Black "Lesiege, Alexandre"]
[Result "0-1"]
[WhiteElo "1718"]
[BlackElo "2094"]
[WhiteFideId "-1"]
[WhiteFideId "-1"]
[PlyCount "76"]
[GameId "2160767912586509"]
[EventDate "1988.03.03"]
[EventType "tourn"]
[EventRounds "7"]
[EventCountry "CAN"]
[SourceTitle "hb 2014"]

1. e4 e5 2. Nf3 Nc6 3. Bc4 Bc5 4. c3 Nf6 5. d3 d6 6. Bg5 O-O 7. a4 a5 8. O-O Qe7 9. Nbd2 Be6 10. Bxe6 Qxe6 11. Qb3 Bb6 12. Qxe6 fxe6 13. Nc4 Ba7 14. Be3 Bxe3 15. Nxe3 d5 16. Ng5 Nd8 17. exd5 exd5 18. f4 exf4 19. Rxf4 h6 20. Nh3 Ne6 21. Rf2 Rfe8 22. Nc2 Nc5 23. d4 Nd3 24. Rd2 Nxb2 25. Na3 Nc4 26. Nxc4 dxc4 27. Rb1 b6 28. Nf4 Re3 29. Rc1 g5 30. Nh3 Nd5 31. Rdc2 Rae8 32. Kf1 Rd3 33. Re2 Rxe2 34. Kxe2 Nxc3+ 35. Kf1 Nd5 36. Ng1 Rxd4 37. Nf3 Rf4 38. Ke2 c3 0-1

[Event "Quebec-ch U20"]
[Site "Montreal CAN"]
[Date "1988.03.04"]
[Round "2"]
[White "Lesiege, Alexandre"]
[Black "Primeau, Michel"]
[Result "1-0"]
[WhiteElo "2094"]
[BlackElo "1777"]
[WhiteFideId "-1"]
[WhiteFideId "-1"]
[PlyCount "109"]
[GameId "2160767912586514"]
[EventDate "1988.03.03"]
[EventType "tourn"]
[EventRounds "7"]
[EventCountry "CAN"]
[SourceTitle "hb 2014"]

1. e4 c5 2. Nf3 e6 3. d4 cxd4 4. Nxd4 Nf6 5. Nc3 Bb4 6. e5 Nd5 7. Qg4 g5 8. Bd2 Nc6 9. Qe4 Nxc3 10. bxc3 Be7 11. Bd3 Qa5 12. Nb5 a6 13. c4 Bb4 14. Nd6+ Ke7 15. Bxb4 Qxb4+ 16. Kf1 Qb2 17. Re1 f6 18. c5 Qxe5 19. Qxe5 Nxe5 20. a4 b5 21. axb5 axb5 22. Bxb5 Ba6 23. Bxa6 Rxa6 24. Ne4 Rc8 25. Ke2 h6 26. Kd2 Ng6 27. f3 f5 28. Nf2 Rxc5 29. Nd3 Rc4 30. g3 Ra2 31. Rc1 Kf6 32. Rhe1 d6 33. Re2 Ne7 34. f4 Nc6 35. fxg5+ hxg5 36. Kd1 Nd4 37. Rf2 Rc3 38. Ne1 Nb3 39. Rb1 Nd4 40. Rb6 Nxc2 41. Nxc2 Rd3+ 42. Kc1 Ra5 43. Nb4 Rd4 44. Kb2 Ra4 45. Nc2 Rd3 46. Ne1 Rd1 47. Nf3 Rd3 48. Nd2 f4 49. Rb3 Rdd4 50. Rb8 Kf5 51. Rf8+ Kg4 52. gxf4 Rxf4 53. Rg2+ Kh3 54. Rxf4 gxf4 55. Rg6 1-0